Normal view
MARC view
- Nichols, Hugh
Entry Personal Name
001 - CONTROL NUMBER
- control field: 153614
003 - CONTROL NUMBER IDENTIFIER
- control field: DLC
005 - DATE AND TIME OF LATEST TRANSACTION
- control field: 20260413155034.0
008 - FIXED-LENGTH DATA ELEMENTS
- fixed length control field: 890815n| acannaab |n aaa
010 ## - LIBRARY OF CONGRESS CONTROL NUMBER
- LC control number: n 88294506
040 ## - CATALOGING SOURCE
- Original cataloging agency: DLC
- Transcribing agency: DLC
- Modifying agency: DLC
100 1# - HEADING--PERSONAL NAME
- Personal name: Nichols, Hugh
670 ## - SOURCE DATA FOUND
- Source citation: Norman Maclean, c1988:
- Information found: t.p. (Hugh Nichols) p. 266 (Dean of the Sch. of Arts & Sci., Lewis Clark State Col, Lewiston, Idaho)
670 ## - SOURCE DATA FOUND
- Source citation: Biog. resource center, July 27, 2006
- Information found: (Hugh Nichols; b. Dec. 5, 1936, Boise, Idaho; ArtsD, U. Oreg., 1979; acad. v.p., Lewis and Clark Coll., 1994)
670 ## - SOURCE DATA FOUND
- Source citation: Digital dissertations, July 27, 2006
- Information found: (Nichols, Hugh Oliver, D.A., University of Oregon, 1979)



